000 00577nam a2200193 a 4500
001 BRCA_1428
005 20190320203426.0
008 841128s1990 spaa---##b---#001-0#spa-d
020 _a8476300557
050 4 _aF1219.3
_b.S29 1990
100 1 _aSayer, Chloë
_94413
245 1 0 _aDiseños mexicanos
_barte y decoración
_cChloë Sayer.
260 _aMadrid
_bLibsa
_c1990
300 _a22 p.
_bil. a color, 100 láminas
_c38 cm.
504 _aBibliografía: p. [124]
650 1 4 _aIndustria textil indígena
_zMéxico
_94675
650 1 4 _aTejido
_zMéxico
_94676
942 _2lcc
_cB
999 _c1290
_d1290